Estatísticas para Países mais próximos do Kosovo - corrida de um minuto

Clique aqui para jogar o quiz

Estatísticas Gerais

  • Esse quiz foi jogado 48 vezes
  • A pontuação média é 14 de 20

Estatísticas das Respostas

kmpaís% Correto
114Grécia
88%
0Sérvia
88%
0Albânia
85%
0Macedónia
do Norte
85%
0Montenegro
85%
547Ucrânia
85%
128Croácia
79%
54Bulgária
76%
156Romênia
76%
478Eslovénia
74%
253Itália
74%
96Bósnia e
Herzegovina
71%
318Hungria
68%
527Eslováquia
65%
601Moldávia
65%
389Turquia
65%
525Áustria
59%
658Polônia
38%
622San Marino
35%
628Vaticano
35%

Distribuição das Pontuações

Percentil de Números Respondidos

Porcentagem de Pessoas com Cada Pontuação

Sua Pontuação Histórica

Você não jogou esse quiz